000 00703nam a2200193 i 4500
001 48501
003 ES-MaACL
005 20251011063106.0
007 t|
008 950721s1857 sp ||||1| fre d
040 _aCAM
_bspa
_cCAM
100 1 _aDelgado, Antonio,
_d1805-1879
_9150893
245 1 0 _aCatalogue des monnaies et des médailles antiques du moyen age et des temps modernes...
_b: cabinet numismatique de feu Mr. Gustave Daniel de Lorichs /
_credige par Antonio Delgado.
260 _aMadrid :
_b[s.n.],
_c1857 (
_fRivadeneyra)
300 _a[7], 346 p., [1] h. de lám. ;
_c26 cm.
650 7 _aNumismática
_2embne
_915648
852 _aES-MaACL
_jA-697
999 _c48501
_d48501